| 000 | 00354nam a2200121Ia 4500 | ||
|---|---|---|---|
| 008 | 230907s9999||||xx |||||||||||||| ||und|| | ||
| 082 |
_a660.28424 _bNAT, |
||
| 100 |
_aNath, Kaushik _9115346 |
||
| 245 | 0 | _aMembrane separation processes | |
| 260 |
_aElsevier Scientific Pub. Co., _bAmsterdam ; | New York : _c1976 |
||
| 300 | _a[ix], 600 p. : | ||
| 942 | _cBK | ||
| 999 |
_c598194 _d598194 |
||